Personnages de The Office - Mort Subite - Statistiques

Statistiques générales
  • Ce quiz a été pris 206 fois
  • Le résultat moyen est 7 sur 10
Answers on the Grid
Answers color-coded by a green-red scale on the quiz's grid according to % correct below.
Jack Geller
Carol Willick
Emily Waltham
Kelly Kapoor
Creed Bratton
Oscar Martinez
Angela Martin
Kevin Malone
Pam Beesly
Andy Bernard
Michael Scott
Dwight Schrute
Ryan Howard
Jay Pritchett
Haley Dunphy
Dylan Marshall
Jessica Wicks
Stuart Bloom
Judy Eriksen
Stella Zinman
Sandy Rivers
Gina Linetti
Charles Boyle
Doug Judy
Garrett McNeill
Dina Fox
Jonah Simms
Diane Lewis
 
Statistiques - réponses
Réponse % Correct
Michael Scott
83%
Dwight Schrute
82%
Kelly Kapoor
75%
Pam Beesly
75%
Andy Bernard
72%
Oscar Martinez
69%
Angela Martin
68%
Kevin Malone
67%
Creed Bratton
66%
Ryan Howard
63%
Aucun quiz correspondant
Distribution des résultats
% des personnes avec chaque résultat
Percentile par nombre de réponses
Votre historique - résultats
Vous n’avez pas pris ce quiz